Central Library OPAC University of Rajshahi

The concise AACR2, 1988 revision / (Record no. 567)

MARC details
000 -LEADER
fixed length control field 00747nam a2200253 a 4500
001 - CONTROL NUMBER
control field 567
003 - CONTROL NUMBER IDENTIFIER
rucl marc code BD-RjUL
005 - DATE AND TIME OF LATEST TRANSACTION
control field 20211208233212.0
008 - FIXED-LENGTH DATA ELEMENTS--GENERAL INFORMATION
fixed length control field 890615s1981 ilu 001 0 eng
035 ## - SYSTEM CONTROL NUMBER
System control number (BD-RjUL)
040 ## - CATALOGING SOURCE
Original cataloging agency DLC
Transcribing agency DLC
Modifying agency DLC
-- BD-RjUL
Language of cataloging eng
041 ## - LANGUAGE CODE
Language code of text/sound track or separate title eng
082 00 - DEWEY DECIMAL CLASSIFICATION NUMBER
Classification number 025.32
Edition number 20
Author mark and year GOC 1981
100 1# - MAIN ENTRY--PERSONAL NAME
Personal name Gorman, Michael,
Dates associated with a name 1941-
9 (RLIN) 180
245 14 - TITLE STATEMENT
Title The concise AACR2, 1988 revision /
Statement of responsibility, etc. prepared by Michael Gorman.
260 ## - PUBLICATION, DISTRIBUTION, ETC. (IMPRINT)
Place of publication, distribution, etc. New Delhi :
Name of publisher, distributor, etc. Oxford & IBH,
Date of publication, distribution, etc. c.1981
300 ## - PHYSICAL DESCRIPTION
Pagination xi, 164 p. ;
Size 23 cm.
504 ## - BIBLIOGRAPHY, ETC. NOTE
Bibliography, etc Includes index.
650 #0 - SUBJECT ADDED ENTRY--TOPICAL TERM
Topical term or geographic name as entry element Descriptive cataloging
General subdivision Rules.
9 (RLIN) 179
942 ## - ADDED ENTRY ELEMENTS (KOHA)
Source of classification or shelving scheme Dewey Decimal Classification
Koha item type Books
Holdings
Lost status Source of classification or shelving scheme Damaged status Not for loan Collection code Permanent Location Current Location Shelving location Date acquired Source of acquisition Cost, normal purchase price Total Checkouts Full call number Date last seen Copy number Koha item type
  Dewey Decimal Classification     Non-fiction Central Library, University of Rajshahi Central Library, University of Rajshahi   06/06/1999 Ankuar Prokashoni. 80.00   025.32 GOC 1981 18/11/2013 C-3 Books